Externé makroekonomické nerovnováhy v Slovenskej republike: vývoj a synchronizácia
Hlavným a pôvodným cieľom článku je identifikovať priestorovú synchronizáciu vonkajších makroekonomických nerovnováh na Slovensku s krajinami EÚ pomocou štatistickej metódy zhlukovej analýzy v rokoch 2013 až 2022. Čiastkovým cieľom je vyhodnotiť vývoj vonkajších makroekonomických nerovnováh na Slove...
Salvato in:
| Autore principale: | |
|---|---|
| Altri autori: | |
| Natura: | Capitolo di libro |
| Lingua: | inglese |
| Soggetti: | |
| Tags: |
Nessun Tag, puoi essere il primo ad aggiungerne!!
|
MARC
| LEADER | 00000naa a2200000 4500 | ||
|---|---|---|---|
| 001 | 0312800 | ||
| 005 | 20251014130955.7 | ||
| 041 | 0 | |a eng | |
| 044 | |a SK | ||
| 245 | 1 | 0 | |a Externé makroekonomické nerovnováhy v Slovenskej republike: vývoj a synchronizácia |c Pavla Bednářová, Vladimíra Hovorková Valentová |
| 520 | |a Hlavným a pôvodným cieľom článku je identifikovať priestorovú synchronizáciu vonkajších makroekonomických nerovnováh na Slovensku s krajinami EÚ pomocou štatistickej metódy zhlukovej analýzy v rokoch 2013 až 2022. Čiastkovým cieľom je vyhodnotiť vývoj vonkajších makroekonomických nerovnováh na Slovensku. | ||
| 610 | 2 | 0 | |a makroekonomika |
| 610 | 2 | 0 | |a nerovnováha hospodárska |
| 610 | 2 | 0 | |a stabilita hospodárstva |
| 610 | 2 | 0 | |a ukazovatele ekonomické |
| 610 | 2 | 0 | |a analýza zhluková |
| 100 | 1 | |a Bednářová, Pavla | |
| 700 | 1 | |a Hovorková Valentová, Vladimíra | |